Statistics for NFL Dream Team 2010s

Click here to take the quiz!

General Stats

  • This quiz has been taken 209 times
  • The average score is 29 of 36

Answer Stats

TeamPos.Answer% Correct
NOQBDrew Brees
100%
NEQBTom Brady
100%
GBQBAaron Rodgers
99%
MINRBAdrian Peterson
96%
ATLWRJulio Jones
96%
NETERob Gronkowski
96%
PITWRAntonio Brown
95%
DETWRCalvin Johnson
95%
ARIWRLarry Fitzgerald
95%
HOUWRDeAndre Hopkins
92%
SFRBFrank Gore
89%
LACTEAntonio Gates
88%
LARDTAaron Donald
87%
SEAMLBBobby Wagner
87%
HOUDEJ.J. Watt
87%
SEACBRichard Sherman
87%
DENOLBVon Miller
87%
CARMLBLuke Kuechly
85%
PHIRBLeSean McCoy
84%
NOTEJimmy Graham
83%
ARICBPatrick Peterson
81%
NYJCBDarrelle Revis
80%
CHIKRDevin Hester
79%
CLEOTJoe Thomas
78%
SEAFSEarl Thomas
77%
PITSSTroy Polamalu
76%
DALOGZack Martin
75%
ARIOLBChandler Jones
73%
DETDTNdamukong Suh
71%
CARDEJulius Peppers
69%
LARPJohnny Hekker
63%
NEKStephen Gostkowski
60%
ATLCAlex Mack
59%
DENCBChris Harris
56%
SFOTJoe Staley
45%
NEOGLogan Mankins
20%

Score Distribution

Percentile by Number Answered

Percent of People with Each Score

Your Score History

You have not taken this quiz